01195nam a2200241 a 4500001001000000005001700010008004100027041000800068044000700076084002000083100004500103245008500148260003800233300002900271500025100300500006100551500010400612650005200716650005600768650003400824650004500858740005000903BRCA_257420190320203855.0271108s1875----sp-a---###---#000-0dspa-u aspa asp a172b.M87c18751 aCervantes Saavedra, Miguel ded1547-161610aEl Ingenioso Hidalgo Don Quijote de la Manchacpor Miguel de Cervantes Saavedra. aMadridbJ.A. Muñoz y Reigc1875 a2 v.bil.c31 cme1 mapa aContenido : Primera parte. Vida de Cervantes. Advertencia de los editores. Dediocatoria del autor. Versos preliminares. Texto. -- v 2. Segunda parte. Dedicatoria del autor. Prólogo del autor. Mapa de los lugares recorridos por D. Quijote. Texto aEdición : Ilustrada con un mapa y magnpificos grabados aEjemplar del todo igual al LO-171. Semipiel; lomeras decoradas con adornos dorados Lúdovik Osterc14aNovela españolayÉpoca clásica, 1500-170014aLiteratura españolayÉpoca clásica, 1500-170014aNovela españolaySiglo XVII14aDon Quijote (Personaje ficticio)eNovela0 aEl Ingenioso Hidalgo Don Quijote de la Mancha